| 000 | 00837nam a22001577a 4500 | ||
|---|---|---|---|
| 005 | 20260701140404.0 | ||
| 020 | _a9798998687419 | ||
| 082 | _a658.4092DAL | ||
| 100 | _aBaggini, Julian. | ||
| 245 |
_aHow the world thinks _bThe Top 15 Mistakes Leaders Make and How to Fix Them |
||
| 260 |
_bZero-To-Sixty Publishing _c2025 |
||
| 300 | _a169. | ||
| 520 | _aAnd to make things worse, a lot of leadership books don’t make it any less confusing or any easier. They just throw a bunch of theory at you, leaving you to wonder “but what do I actually need to do to be a better leader?” In How To Suck As A Leader, Travis Dalrymple delivers no-BS leadership tactics that you can implement today. Instead of useless theory, he tells you exactly how to lead high performing and high morale teams. | ||
| 650 | _aLeadership. | ||
| 942 | _cBK | ||
| 999 |
_c11540 _d11540 |
||